All Clash Royale cards - Statistics

General Stats
  • This quiz has been taken 188 times
    21 since last reset
  • The average score is 46 of 181
Answer Stats
Hint Answer % Correct
Common card Goblins
83%
Epic card Golem
83%
Legendary Card Inferno Dragon
83%
Epic card Prince
83%
Legendary Card Sparky
83%
Common card Archers
67%
Epic card Baby Dragon
67%
Common card Cannon
67%
Legendary Card Electro Wizard
67%
Rare card Elixir Golem
67%
Common card Fire Spirit
67%
Rare card Giant
67%
Rare card Heal Spirit
67%
Rare card Hog Rider
67%
Legendary Card Ice Wizard
67%
Epic card Lightning
67%
Rare card Mini P.E.K.K.A.
67%
Epic card P.E.K.K.A.
67%
Common card Skeletons
67%
Epic card Void
67%
Rare card Wizard
67%
Common card Zap
67%
Champion Card Archer Queen
50%
Common card Arrows
50%
Legendary Card Bandit
50%
Champion Card Boss Bandit
50%
Epic card Dark Prince
50%
Epic card Electro Dragon
50%
Common card Electro Spirit
50%
Rare card Fireball
50%
Common card Firecracker
50%
Epic card Freeze
50%
Epic card Goblin Giant
50%
Rare card Goblin Hut
50%
Rare card Ice Golem
50%
Common card Ice Spirit
50%
Rare card Inferno Tower
50%
Common card Knight
50%
Legendary Card Magic Archer
50%
Legendary Card Mega Knight
50%
Legendary Card Night witch
50%
Legendary Card | Tower Troop Card Princess
50%
Legendary Card Royal Ghost
50%
Epic card Skeleton Army
50%
Champion Card Skeleton King
50%
Common card Spear Goblins
50%
Legendary Card The Log
50%
Epic card Witch
50%
Rare card Zappies
50%
Epic card Balloon
33%
Rare card Barbarian Hut
33%
Common card Barbarians
33%
Common card Bats
33%
Rare card Bomb Tower
33%
Epic card Cannon Cart
33%
Tower Troop Card Cannoneer
33%
Epic card Electro Giant
33%
Rare card Elixir Collector
33%
Rare card Furnace
33%
Common card Giant Snowball
33%
Epic card Goblin Barrell
33%
Rare card Goblin Cage
33%
Epic card Goblin Curse
33%
Epic card Goblin Drill
33%
Champion Card Goblinstein
33%
Legendary Card Graveyard
33%
Epic card Guards
33%
Champion Card Little Prince
33%
Legendary Card Miner
33%
Common card Minion Horde
33%
Common card Minions
33%
Champion Card Monk
33%
Legendary Card Mother Witch
33%
Rare card Rocket
33%
Common card Royal Delivery
33%
Common card Royal Giant
33%
Rare card Royal Hogs
33%
Common card Royal Recruits
33%
Epic card Rune Giant
33%
Epic card Skeleton Giant
33%
Rare card Tombstone
33%
Rare card Valkyrie
33%
Epic card Barbarian Barrell
17%
Common card Bomber
17%
Epic card Bowler
17%
Epic card Clone
17%
Tower Troop Card Dagger Dutches
17%
Rare card Dart Goblin
17%
Rare card Earthquake
17%
Common card Elite Barbarians
17%
Evo Card (Common) Evo Archers
17%
Evo Card (Epic) Evo Baby Dragon
17%
Evo Card (Common) Evo Bats
17%
Evo Card (Legendary) Evo Inferno Dragon
17%
Evo Card (Legendary) Evo Mega Knight
17%
Evo Card (Epic) Evo P.E.K.K.A.
17%
Evo Card (Legendary) Evo Royal Ghost
17%
Evo Card (Rare) Evo Royal Hogs
17%
Evo Card (Epic) Evo Witch
17%
Common card Goblin Gang
17%
Legendary Card Goblin Machine
17%
Champion Card Golden Knight
17%
Hero Card (Legendary) Hero Magic Archer
17%
Hero Card (Rare) Hero Mini P.E.K.K.A.
17%
Legendary Card Lava Hound
17%
Legendary Card Lumberjack
17%
Epic card Mirror
17%
Common card Mortar
17%
Epic card Poison
17%
Epic card Rage
17%
Legendary Card Ram Rider
17%
Common card Skeleton Barrell
17%
Legendary Card Spirit Empress
17%
Epic card Vines
17%
Epic card X-bow
17%
Rare card Battle Healer
0%
Rare card Battle Ram
0%
Common card Beserker
0%
Evo Card (Common) Evo Barbarians
0%
Evo Card (Rare) Evo Battle Ram
0%
Evo Card (Common) Evo Bomber
0%
Evo Card (Common) Evo Cannon
0%
Evo Card (Rare) Evo Dart Goblin
0%
Evo Card (Epic) Evo Electro Dragon
0%
Evo Card (Epic) Evo Executioner
0%
Evo Card (Common) Evo Firecracker
0%
Evo Card (Rare) Evo Furnace
0%
Evo Card (Common) Evo Giant Snowball
0%
Evo Card (Epic) Evo Goblin Barrell
0%
Evo Card (Rare) Evo Goblin Cage
0%
Evo Card (Epic) Evo Goblin Drill
0%
Evo Card (Epic) Evo Goblin Giant
0%
Evo Card (Epic) Evo Hunter
0%
Evo Card (Common) Evo Ice Spirit
0%
Evo Card (Common) Evo Knight
0%
Evo Card (Legendary) Evo Lumberjack
0%
Evo Card (Common) Evo Minion Horde
0%
Evo Card (Common) Evo Mortar
0%
Evo Card (Rare) Evo Musketeer
0%
Evo Card (Legendary) Evo Princess
0%
Evo Card (Common) Evo Royal Giant
0%
Evo Card (Common) Evo Royal Recruits
0%
Evo Card (Epic) Evo Skeleton Army
0%
Evo Card (Common) Evo Skeleton Barrell
0%
Evo Card (Common) Evo Skeletons
0%
Evo Card (Common) Evo Tesla
0%
Evo Card (Rare) Evo Valkyrie
0%
Evo Card (Epic) Evo Wall Breakers
0%
Evo Card (Rare) Evo Wizard
0%
Evo Card (Common) Evo Zap
0%
Epic card Executioner
0%
Legendary Card Fisher
0%
Rare card Flying Machine
0%
Rare card Goblin Demolisher
0%
Hero Card (Epic) Hero Balloon
0%
Hero Card (Epic) Hero Barbarian Barrell
0%
Hero Card (Epic) Hero Bowler
0%
Hero Card (Epic) Hero Dark Prince
0%
Hero Card (Rare) Hero Giant
0%
Hero Card (Common) Hero Goblins
0%
Hero Card (Rare) Hero Ice Golem
0%
Hero Card (Common) Hero Knight
0%
Hero Card (Common) | Hero Card (Rare) Hero Mega Minion
0%
Hero Card (Rare) Hero Musketeer
0%
Hero Card (Rare) Hero Tombstone
0%
Hero Card (Rare) Hero Wizard
0%
Epic card Hunter
0%
Rare card Mega Minion
0%
Champion Card Migthy Miner
0%
Rare card Musketeer
0%
Legendary Card Phoenix
0%
Common card Rascals
0%
Tower Troop Card Royal Cheff
0%
Common card Skeleton Dragons
0%
Rare card Suspicious Bush
0%
Common card Telsa
0%
Rare card Three Musketeers
0%
Epic card Tornado
0%
Epic card Wall Breakers
0%
No matching quizzes found
Score Distribution
Percent of People with Each Score
Percentile by Number Answered
Your Score History
You have not taken this quiz since the last reset